000 00489cam a22001934a 4500
005 20250731105903.0
008 250528s ||||||||||||||||||||||||d
035 _a22817
020 _a9780132874267
040 _aGR-AtMCL
_bgre
_dGR-AtMCL
_eAACR2
245 1 _aJAVA: AN INDRODUCTION TO COMPUTER SCIENCE & PROGRAMMING
250 _a1
260 _bPrentice Hall,
_c1999
300 _a726
700 1 _aSavitch, Walter J.
_91579
942 _cBK
999 _c7862
_d7862